La practique des tests mentaux (Record no. 45912)

MARC details
000 -CABECERA
campo de control de longitud fija 00929nam a2200277 a 4500
003 - IDENTIFICADOR DEL NÚMERO DE CONTROL
campo de control UPN
005 - FECHA Y HORA DE LA ÚLTIMA TRANSACCIÓN
campo de control 20250109082200.0
008 - ELEMENTOS DE LONGITUD FIJA--INFORMACIÓN GENERAL
campo de control de longitud fija 991125s1928 fr 000 0 fre u
035 ## - NÚMERO DE CONTROL DEL SISTEMA
Número de control de sistema UPN01000045912
040 ## - FUENTE DE LA CATALOGACIÓN
Centro catalogador/agencia de origen UPN
Lengua de catalogación spa
Centro/agencia transcriptor UPN
049 ## - COLECCIÓN
Colección CE
050 #4 - SIGNATURA TOPOGRÁFICA DE LA BIBLIOTECA DEL CONGRESO
Número de clasificación BF176
Número de documento/Ítem D4.6 1928
100 1# - ASIENTO PRINCIPAL--NOMBRE PERSONAL
Nombre de persona Decroly, Ovide,
Fechas asociadas al nombre 1871-1932
9 (RLIN) 28067
100 1# - ASIENTO PRINCIPAL--NOMBRE PERSONAL
Nombre de persona Buyse, Raymond,
Fechas asociadas al nombre 1889-1974
9 (RLIN) 31397
245 13 - MENCIÓN DE TÍTULO
Título La practique des tests mentaux
260 ## - PUBLICACIÓN, DISTRIBUCIÓN, ETC.
Lugar de publicación, distribución, etc. [París] :
Nombre del editor, distribuidor, etc. F. Alcan,
Fecha de publicación, distribución, etc. 1928.
300 ## - DESCRIPCIÓN FÍSICA
Extensión xvi, 402 páginas,
-- [1] hoja pleglable
490 0# - MENCIÓN DE SERIE
Mención de serie Bibliothéque de psychologie de l'enfant et de pédagogie ;
Designación de volumen o secuencia 5
650 #4 - ASIENTO SECUNDARIO DE MATERIA - TERMINO TEMATICO
Término de materia o nombre geográfico como elemento de entrada Niño, Estudio del
9 (RLIN) 221
650 #4 - ASIENTO SECUNDARIO DE MATERIA - TERMINO TEMATICO
Término de materia o nombre geográfico como elemento de entrada Pruebas mentales
9 (RLIN) 15534
700 1# - ASIENTO SECUNDARIO--NOMBRE DE PERSONAL
Nombre de persona Luna de Ibarra, Luz
Término indicativo de función/relación propietaria anterior
9 (RLIN) 51389
710 2# - ASIENTO SECUNDARIO - NOMBRE CORPORATIVO
Nombre de entidad corporativa o nombre de jurisdicción como elemento de entrada Instituto Nacional de Investigación Educativa (México)
Término indicativo de función/relación propietario anterior
9 (RLIN) 28086
902 ## - ELEMENTOS DE DATOS B LOCAL, LDB (RLIN)
Modificó MaríaRobles/150324
905 ## - TIPO DE MATERIAL
Tipo de material Libro
942 ## - ELEMENTOS DE PUNTO DE ACCESO ADICIONAL (KOHA)
Fuente del sistema de clasificación o colocación Library of Congress Classification
Suprimir en OPAC No
Tipo de ítem Koha Libro
Holdings
Estado de retiro Estado de pérdida Fuente del sistema de clasificación o colocación Estado dañado No para préstamo Código de colección Localización permanente Ubicación/localización actual Ubicación en estantería Fecha de adquisición Clasificación Código de barras Fecha visto por última vez Tipo de ítem Koha Nota pública
    Library of Congress Classification   Disponible (Previa cita) Fondo Reservado de libros Bib. Gregorio Torres Quintero Bib. Gregorio Torres Quintero Sala de Fondos Reservados Planta alta 18/11/2022 BF176 D4.6 1928 2873 31/12/2020 Libro Ejemplar con sello de la Biblioteca del Instituto Nacional de Investigación Educativa y con exlibris manuscrito de: "Es propiedad de la Sra. Profa. Luz Luna de Ibarra. México"